000 00305nam a2200145Ia 4500
100 _aGroover/ M.P.
942 _cBK
654 _aRobotics
245 _aIndustrial Robotics
260 _bMcGraw - Hill
_aBombay
_c1986
082 _a629.892
_bGRO/WEI
300 _a546
546 _aENGLISH
999 _c24675
_d24675